| 000 | 01806nam a22003855a 4500 | ||
|---|---|---|---|
| 003 | EG-ScBUE | ||
| 005 | 20221027114029.0 | ||
| 008 | 180115s2007 ua bo f c 000 0 mul d | ||
| 020 | _a9789776163799 | ||
| 040 |
_aEG-ScBUE _beng _erda _cEG-ScBUE _dEG-ScBUE |
||
| 041 | 0 |
_aeng _afre _aara |
|
| 043 |
_aff----- _aaw----- _ad------ |
||
| 082 | 0 | 4 |
_a720.917671 _bARC _222 |
| 245 | 0 | 0 |
_aArchitecture for a changing world = _bعمارة من أجل عالم متغير. |
| 246 | 3 | 1 | _aعمارة من أجل عالم متغير |
| 264 | 1 |
_aAlexandria : _bBibliotheca Alexandrina, _c2007. |
|
| 300 |
_a95 pages : _bmaps, photographs (color) ; _c40 cm |
||
| 336 |
_2rdacontent _atext _btxt |
||
| 337 |
_2rdamedia _aunmediated _bn |
||
| 338 |
_2rdacarrier _avolume _bnc |
||
| 500 | _aPresent an international exhibition of the Aga Khan Awards for Architecture, 1980-2004. | ||
| 520 | _a"FISA-Fundación internacional de sintesis arquitectónica, Seville, Spain, and the Aga Khan Trust for Culture, Geneva, Switerland present the first international exhibition of the Aga Khan Awards for Architecture, 1980-1995." | ||
| 546 | _aText in English, French and Arabic. | ||
| 610 | 2 | 7 |
_aAga Khan Award for Architecture (Organization) _xAwards _vExhibitions. _2BUEsh |
| 650 | 7 |
_aArchitecture _xAwards _zIslamic countrie _vExhibitions. _2BUEsh |
|
| 650 | 7 |
_aIslamic architecture _xAwards _vExhibitions. _2BUEsh |
|
| 650 | 7 |
_aArchitecture, Modern _y20th century _zIslamic countries _vExhibitions. _2BUEsh |
|
| 651 | _2BUEsh | ||
| 653 |
_bENGARC _cJanuary2018 |
||
| 655 | _vReading book | ||
| 710 | 2 |
_aAga Khan Award for Architecture (Organization) _econtributor. |
|
| 710 | 2 |
_aInternational Foundation for Architectural Synthesis, _econtributor. |
|
| 942 |
_2ddc _cBB |
||
| 999 |
_c25940 _d25912 |
||